Statistiken für Deutsche Großstädte - Stand 2020

Klicken Sie hier um das Quiz zu spielen!

Allgemein

  • Dieses Quiz wurde 313 mal gespielt
  • Das Durchschnittsergebnis liegt bei 65 aus 80

Antwortstatistiken

EinwohnerzahlStadt% Korrekt
3.664.088Berlin
99%
1.083.498Köln
99%
764.104Frankfurt
98%
1.852.478Hamburg
98%
1.488.202München
98%
630.305Stuttgart
98%
587.696Dortmund
97%
620.523Düsseldorf
97%
534.049Hannover
96%
597.493Leipzig
96%
566.573Bremen
95%
556.227Dresden
95%
246.601Kiel
95%
333.509Bielefeld
94%
515.543Nürnberg
94%
582.415Essen
92%
182.112Potsdam
92%
230.940Freiburg
91%
295.830Augsburg
90%
364.454Bochum
90%
308.436Karlsruhe
90%
217.123Mainz
90%
209.061Rostock
90%
495.885Duisburg
89%
213.692Erfurt
89%
235.775Magdeburg
89%
309.721Mannheim
89%
248.878Aachen
88%
330.579Bonn
88%
179.349Saarbrücken
88%
316.403Münster
86%
244.401Chemnitz
85%
278.609Wiesbaden
85%
259.105Gelsenkirchen
84%
110.731Jena
84%
201.048Kassel
84%
215.846Lübeck
84%
248.561Braunschweig
83%
159.174Darmstadt
83%
237.865Halle
83%
164.223Osnabrück
83%
123.840Wolfsburg
83%
126.954Würzburg
83%
136.952Ingolstadt
82%
355.004Wuppertal
82%
126.405Ulm
80%
113.557Bremerhaven
79%
128.223Fürth
79%
158.741Heidelberg
79%
152.270Regensburg
79%
110.674Trier
79%
172.557Ludwigshafen
78%
259.665Mönchengladbach
78%
151.864Paderborn
78%
113.388Koblenz
77%
163.905Leverkusen
77%
130.892Offenbach
76%
169.605Oldenburg
76%
209.566Oberhausen
75%
112.385Erlangen
74%
226.844Krefeld
74%
188.687Hagen
72%
178.967Hamm
71%
156.940Herne
71%
111.636Bergisch Gladbach
68%
103.487Moers
68%
116.845Göttingen
67%
126.458Heilbronn
67%
126.016Pforzheim
67%
117.388Bottrop
65%
110.705Recklinghausen
65%
159.193Solingen
65%
170.921Mülheim
64%
153.109Neuss
64%
116.031Reutlingen
64%
111.516Remscheid
62%
101.943Siegen
60%
101.055Hildesheim
58%
100.664Gütersloh
57%
103.866Salzgitter
53%

Verteilung der Resultate

Perzentil nach korrekt beantworteten Fragen

Anzahl Personen mit jedem Resultat

Ihre Resultats-Entwicklung

Sie haben dieses Quiz noch nicht gespielt